=LDR 00000nam 2200000 4500 =001 INLIS00000000000079 =005 20260702043538 =020 ##$$a 978-979-1462-04-4 =082 ##$$a 026.740 =100 1#$$a Suhartono, Mas =245 1 $$a Petunjuk Praktis Memanfaatkan Dan Mengawetkan Telur /$c Mas Suhartono =300 ##$$a 56 ; 14,5 x 21